<?xml version="1.0" encoding="UTF-8"?>
<record
    xmlns:xsi="http://www.w3.org/2001/XMLSchema-instance"
    xsi:schemaLocation="http://www.loc.gov/MARC21/slim http://www.loc.gov/standards/marcxml/schema/MARC21slim.xsd"
    xmlns="http://www.loc.gov/MARC21/slim">

  <leader>00452nam a22001697a 4500</leader>
  <controlfield tag="003">OSt</controlfield>
  <controlfield tag="008">240418b        |||||||| |||| 00| 0 eng d</controlfield>
  <datafield tag="020" ind1=" " ind2=" ">
    <subfield code="a">9789355734570</subfield>
  </datafield>
  <datafield tag="082" ind1=" " ind2=" ">
    <subfield code="a">658.84 ZAI</subfield>
  </datafield>
  <datafield tag="100" ind1=" " ind2=" ">
    <subfield code="a">ZAHAY,Debra</subfield>
  </datafield>
  <datafield tag="245" ind1=" " ind2=" ">
    <subfield code="a">Internet Marketing Integrating Online and Offline Strategies in a Digital environment</subfield>
  </datafield>
  <datafield tag="250" ind1=" " ind2=" ">
    <subfield code="a">4th Ed</subfield>
  </datafield>
  <datafield tag="260" ind1=" " ind2=" ">
    <subfield code="a">New Delhi</subfield>
    <subfield code="b">Cengage</subfield>
    <subfield code="c">2023</subfield>
  </datafield>
  <datafield tag="300" ind1=" " ind2=" ">
    <subfield code="a">562</subfield>
  </datafield>
  <datafield tag="700" ind1=" " ind2=" ">
    <subfield code="a">ROBERTS,Mary Lou</subfield>
  </datafield>
  <datafield tag="942" ind1=" " ind2=" ">
    <subfield code="2">ddc</subfield>
    <subfield code="c">BK</subfield>
  </datafield>
  <datafield tag="999" ind1=" " ind2=" ">
    <subfield code="c">12520</subfield>
    <subfield code="d">12520</subfield>
  </datafield>
  <datafield tag="952" ind1=" " ind2=" ">
    <subfield code="0">0</subfield>
    <subfield code="1">0</subfield>
    <subfield code="2">ddc</subfield>
    <subfield code="4">0</subfield>
    <subfield code="7">0</subfield>
    <subfield code="8">BBADM</subfield>
    <subfield code="a">PIET</subfield>
    <subfield code="b">PIET</subfield>
    <subfield code="d">2024-03-31</subfield>
    <subfield code="e">Zafaa Books and Distributors</subfield>
    <subfield code="f">In rupees</subfield>
    <subfield code="g">999.00</subfield>
    <subfield code="k">ZBD0498</subfield>
    <subfield code="l">0</subfield>
    <subfield code="o">658.84 ZAI</subfield>
    <subfield code="p">37039</subfield>
    <subfield code="r">2024-04-18 00:00:00</subfield>
    <subfield code="v">719.28</subfield>
    <subfield code="w">2024-03-31</subfield>
    <subfield code="y">REF</subfield>
  </datafield>
  <datafield tag="952" ind1=" " ind2=" ">
    <subfield code="0">0</subfield>
    <subfield code="1">0</subfield>
    <subfield code="2">ddc</subfield>
    <subfield code="4">0</subfield>
    <subfield code="7">0</subfield>
    <subfield code="8">BBADM</subfield>
    <subfield code="a">PIET</subfield>
    <subfield code="b">PIET</subfield>
    <subfield code="d">2024-03-31</subfield>
    <subfield code="e">Zafaa Books and Distributors</subfield>
    <subfield code="f">In rupees</subfield>
    <subfield code="g">999.00</subfield>
    <subfield code="k">ZBD0498</subfield>
    <subfield code="l">0</subfield>
    <subfield code="o">658.84 ZAI</subfield>
    <subfield code="p">37040</subfield>
    <subfield code="r">2024-04-18 00:00:00</subfield>
    <subfield code="v">719.28</subfield>
    <subfield code="w">2024-03-31</subfield>
    <subfield code="y">BK</subfield>
  </datafield>
  <datafield tag="952" ind1=" " ind2=" ">
    <subfield code="0">0</subfield>
    <subfield code="1">0</subfield>
    <subfield code="2">ddc</subfield>
    <subfield code="4">0</subfield>
    <subfield code="7">0</subfield>
    <subfield code="8">BBADM</subfield>
    <subfield code="a">PIET</subfield>
    <subfield code="b">PIET</subfield>
    <subfield code="d">2024-03-31</subfield>
    <subfield code="e">Zafaa Books and Distributors</subfield>
    <subfield code="f">In rupees</subfield>
    <subfield code="g">999.00</subfield>
    <subfield code="k">ZBD0498</subfield>
    <subfield code="l">0</subfield>
    <subfield code="o">658.84 ZAI</subfield>
    <subfield code="p">37041</subfield>
    <subfield code="r">2024-04-18 00:00:00</subfield>
    <subfield code="v">719.28</subfield>
    <subfield code="w">2024-03-31</subfield>
    <subfield code="y">BK</subfield>
  </datafield>
  <datafield tag="952" ind1=" " ind2=" ">
    <subfield code="0">0</subfield>
    <subfield code="1">0</subfield>
    <subfield code="2">ddc</subfield>
    <subfield code="4">0</subfield>
    <subfield code="7">0</subfield>
    <subfield code="8">BBADM</subfield>
    <subfield code="a">PIET</subfield>
    <subfield code="b">PIET</subfield>
    <subfield code="d">2024-03-31</subfield>
    <subfield code="e">Zafaa Books and Distributors</subfield>
    <subfield code="f">In rupees</subfield>
    <subfield code="g">999.00</subfield>
    <subfield code="k">ZBD0498</subfield>
    <subfield code="l">0</subfield>
    <subfield code="o">658.84 ZAI</subfield>
    <subfield code="p">37042</subfield>
    <subfield code="r">2024-04-18 00:00:00</subfield>
    <subfield code="v">719.28</subfield>
    <subfield code="w">2024-03-31</subfield>
    <subfield code="y">BK</subfield>
  </datafield>
  <datafield tag="952" ind1=" " ind2=" ">
    <subfield code="0">0</subfield>
    <subfield code="1">0</subfield>
    <subfield code="2">ddc</subfield>
    <subfield code="4">0</subfield>
    <subfield code="7">0</subfield>
    <subfield code="8">BBADM</subfield>
    <subfield code="a">PIET</subfield>
    <subfield code="b">PIET</subfield>
    <subfield code="d">2024-03-31</subfield>
    <subfield code="e">Zafaa Books and Distributors</subfield>
    <subfield code="f">In rupees</subfield>
    <subfield code="g">999.00</subfield>
    <subfield code="k">ZBD0498</subfield>
    <subfield code="l">0</subfield>
    <subfield code="o">658.84 ZAI</subfield>
    <subfield code="p">37043</subfield>
    <subfield code="r">2024-04-18 00:00:00</subfield>
    <subfield code="v">719.28</subfield>
    <subfield code="w">2024-03-31</subfield>
    <subfield code="y">BK</subfield>
  </datafield>
  <datafield tag="952" ind1=" " ind2=" ">
    <subfield code="0">0</subfield>
    <subfield code="1">0</subfield>
    <subfield code="2">ddc</subfield>
    <subfield code="4">0</subfield>
    <subfield code="7">0</subfield>
    <subfield code="8">BBADM</subfield>
    <subfield code="a">PIET</subfield>
    <subfield code="b">PIET</subfield>
    <subfield code="d">2024-03-31</subfield>
    <subfield code="e">Zafaa Books and Distributors</subfield>
    <subfield code="f">In rupees</subfield>
    <subfield code="g">999.00</subfield>
    <subfield code="k">ZBD0498</subfield>
    <subfield code="l">0</subfield>
    <subfield code="o">658.84 ZAI</subfield>
    <subfield code="p">37044</subfield>
    <subfield code="r">2024-04-18 00:00:00</subfield>
    <subfield code="v">719.28</subfield>
    <subfield code="w">2024-03-31</subfield>
    <subfield code="y">BK</subfield>
  </datafield>
  <datafield tag="952" ind1=" " ind2=" ">
    <subfield code="0">0</subfield>
    <subfield code="1">0</subfield>
    <subfield code="2">ddc</subfield>
    <subfield code="4">0</subfield>
    <subfield code="7">0</subfield>
    <subfield code="8">BBADM</subfield>
    <subfield code="a">PIET</subfield>
    <subfield code="b">PIET</subfield>
    <subfield code="d">2024-03-31</subfield>
    <subfield code="e">Zafaa Books and Distributors</subfield>
    <subfield code="f">In rupees</subfield>
    <subfield code="g">999.00</subfield>
    <subfield code="k">ZBD0498</subfield>
    <subfield code="l">1</subfield>
    <subfield code="o">658.84 ZAI</subfield>
    <subfield code="p">37045</subfield>
    <subfield code="r">2025-07-14 00:00:00</subfield>
    <subfield code="s">2025-02-05</subfield>
    <subfield code="v">719.28</subfield>
    <subfield code="w">2024-03-31</subfield>
    <subfield code="y">BK</subfield>
  </datafield>
  <datafield tag="952" ind1=" " ind2=" ">
    <subfield code="0">0</subfield>
    <subfield code="1">0</subfield>
    <subfield code="2">ddc</subfield>
    <subfield code="4">0</subfield>
    <subfield code="7">0</subfield>
    <subfield code="8">BBADM</subfield>
    <subfield code="a">PIET</subfield>
    <subfield code="b">PIET</subfield>
    <subfield code="d">2024-03-31</subfield>
    <subfield code="e">Zafaa Books and Distributors</subfield>
    <subfield code="f">In rupees</subfield>
    <subfield code="g">999.00</subfield>
    <subfield code="k">ZBD0498</subfield>
    <subfield code="l">0</subfield>
    <subfield code="o">658.84 ZAI</subfield>
    <subfield code="p">37046</subfield>
    <subfield code="r">2024-04-18 00:00:00</subfield>
    <subfield code="v">719.28</subfield>
    <subfield code="w">2024-03-31</subfield>
    <subfield code="y">BK</subfield>
  </datafield>
  <datafield tag="952" ind1=" " ind2=" ">
    <subfield code="0">0</subfield>
    <subfield code="1">0</subfield>
    <subfield code="2">ddc</subfield>
    <subfield code="4">0</subfield>
    <subfield code="7">0</subfield>
    <subfield code="8">BBADM</subfield>
    <subfield code="a">PIET</subfield>
    <subfield code="b">PIET</subfield>
    <subfield code="d">2024-03-31</subfield>
    <subfield code="e">Zafaa Books and Distributors</subfield>
    <subfield code="f">In rupees</subfield>
    <subfield code="g">999.00</subfield>
    <subfield code="k">ZBD0498</subfield>
    <subfield code="l">0</subfield>
    <subfield code="o">658.84 ZAI</subfield>
    <subfield code="p">37047</subfield>
    <subfield code="r">2024-04-18 00:00:00</subfield>
    <subfield code="v">719.28</subfield>
    <subfield code="w">2024-03-31</subfield>
    <subfield code="y">BK</subfield>
  </datafield>
  <datafield tag="952" ind1=" " ind2=" ">
    <subfield code="0">0</subfield>
    <subfield code="1">0</subfield>
    <subfield code="2">ddc</subfield>
    <subfield code="4">0</subfield>
    <subfield code="7">0</subfield>
    <subfield code="8">BBADM</subfield>
    <subfield code="a">PIET</subfield>
    <subfield code="b">PIET</subfield>
    <subfield code="d">2024-03-31</subfield>
    <subfield code="e">Zafaa Books and Distributors</subfield>
    <subfield code="f">In rupees</subfield>
    <subfield code="g">999.00</subfield>
    <subfield code="k">ZBD0498</subfield>
    <subfield code="l">0</subfield>
    <subfield code="o">658.84 ZAI</subfield>
    <subfield code="p">37048</subfield>
    <subfield code="r">2024-04-18 00:00:00</subfield>
    <subfield code="v">719.28</subfield>
    <subfield code="w">2024-03-31</subfield>
    <subfield code="y">BK</subfield>
  </datafield>
</record>
